Secuestro en el mundo de los espíritus / (Registro nro. 37404)

Detalles MARC
000 -CABECERA
Longitud fija campo de control 01016nam a2200265 4500
003 - • IDENTIFICADOR DELl NÚMERO DE CONTROL
Identificador del número de control CO-ViMGA
020 ## - • NÚMERO INTERNACIONAL NORMALIZADO PARA LIBROS
Número Internacional Normalizado para Libros (ISBN) 9789583038679
040 ## - FUENTE DE LA CATALOGACIÓN
Centro catalogador de origen CO-ViMGA
Lengua de catalogación spa
Centro transcriptor CO-ViMGA
082 04 - • NÚMERO DE LA CLASIFICACIÓN DECIMAL DEWEY
Número de clasificación (R) 833.91
Número del ítem R54s
100 1# - • PUNTO DE ACCESO PRINCIPAL-NOMBRE DE PERSONA
Nombre de persona Rogler, Ulrike
245 10 - • TITULO PROPIAMENTE DICHO
Título Secuestro en el mundo de los espíritus /
Mención de responsabilidad, etc. Ulrike Rogler y Simone Veenstra ; ilustrador Sebastian Meyer ; traductor Karin Odermatt ; edición en español Mónica Laverde Henao
300 ## - • DESCRIPCIÓN FÍSICA
Extensión 131 p. :
Otras características físicas 21 cm.
490 ## - • MENCIÓN DE SERIE
Mención de serie El fantasma del castillo
Designación de volumen o secuencia 2
490 ## - • MENCIÓN DE SERIE
Mención de serie Hui- Buh
500 ## - • NOTA GENERAL
Nota general Recomendado para niños de 9 a 12 años
534 ## - • Nota De Versión Original
-- Titulo original
Título Entführung in die geisterwelt
650 14 - • PUNTO DE ACCESO ADICIONAL DE MATERIA - TÉRMINO DE MATERIA
Término de materia o nombre geográfico como elemento inicial Fantasmas en la literatura
650 14 - • PUNTO DE ACCESO ADICIONAL DE MATERIA - TÉRMINO DE MATERIA
Término de materia o nombre geográfico como elemento inicial Literatura infantil alemana
Subdivisión cronológica Siglo XX
650 14 - • PUNTO DE ACCESO ADICIONAL DE MATERIA - TÉRMINO DE MATERIA
Término de materia o nombre geográfico como elemento inicial Novela infantil alemana
Subdivisión cronológica Siglo XX
650 14 - • PUNTO DE ACCESO ADICIONAL DE MATERIA - TÉRMINO DE MATERIA
Término de materia o nombre geográfico como elemento inicial Terror en la literatura
700 1# - • PUNTO DE ACCESO ADICIONAL - NOMBRE DE PERSONA
Nombre de persona Odermatt, Karin
Término indicativo de función tr.
700 1# - • PUNTO DE ACCESO ADICIONAL - NOMBRE DE PERSONA
Nombre de persona Meyer, Sebastián
Término indicativo de función il.
942 ## - ENTRADA DE ELEMENTOS AGREGADOS (KOHA)
Fuente de clasificaión o esquema Dewey Decimal Classification
Koha [por defecto] tipo de item LIbro
Existencias
Perdido Fuente de clasificación o esquema Estado Físico No para préstamo Forma de adquisición Localización permanente Localización actual Fecha adquisición Préstamos totales Signatura completa Código de barras Fecha última consulta Fecha del precio de reemplazo Tipo de item de Koha
  Dewey Decimal Classification     Sala General Segundo Piso Biblioteca Pública Germán Arciniegas - Villavicencio Biblioteca Pública Germán Arciniegas - Villavicencio 04/30/2020   833.91 R54s 33493 04/30/2020 04/30/2020 LIbro
  Dewey Decimal Classification     Sala General Segundo Piso Biblioteca Pública Germán Arciniegas - Villavicencio Biblioteca Pública Germán Arciniegas - Villavicencio 04/30/2020   833.91 R54s 33494 04/30/2020 04/30/2020 LIbro









Instituto Departamental de Cultura del Meta - Red Departamental de Bibliotecas Públicas del Meta.